Catálogo

Hamlet / (Registro nro. 15964)

Detalles MARC
000 -LEADER
fixed length control field 01267cam a2200373 i 4500
001 - CONTROL NUMBER
control field 15964
003 - CONTROL NUMBER IDENTIFIER
control field Mx-PuUPA
005 - DATE AND TIME OF LATEST TRANSACTION
control field 20251126163142.0
008 - FIXED-LENGTH DATA ELEMENTS--GENERAL INFORMATION
fixed length control field 140415s2018 mx gr 000 d spa d
020 ## - INTERNATIONAL STANDARD BOOK NUMBER
International Standard Book Number 9786071411198
040 ## - CATALOGING SOURCE
Original cataloging agency Mx-PuUPA
Language of cataloging spa
Transcribing agency Mx-PuUPA
Modifying agency Mx-PuUPA
Description conventions rda
041 1# - LANGUAGE CODE
Language code of text/sound track or separate title spa
Language code of original und
043 ## - GEOGRAPHIC AREA CODE
Geographic area code e-dk---
100 1# - MAIN ENTRY--PERSONAL NAME
Personal name Shakespeare, William,
Dates associated with a name 1564-1616
Relator term autor
9 (RLIN) 7431
245 10 - TITLE STATEMENT
Title Hamlet /
Statement of responsibility, etc. William Shakespeare ; traductor, Sergio Gaspar Mosqueda
250 ## - EDITION STATEMENT
Edition statement Integra 2018
264 #1 - PRODUCTION, PUBLICATION, DISTRIBUTION, MANUFACTURE, AND COPYRIGHT NOTICE
Place of production, publication, distribution, manufacture Ciudad de México :
Name of producer, publisher, distributor, manufacturer Editores Mexicanos Unidos,
Date of production, publication, distribution, manufacture, or copyright notice 2018
300 ## - PHYSICAL DESCRIPTION
Extent 135 páginas ;
Dimensions 21 cm.
336 ## - CONTENT TYPE
Fuente rdacontent
Content type term texto
Content type code txt
337 ## - MEDIA TYPE
Source rdamedia
Media type term sin medio
Media type code n
338 ## - CARRIER TYPE
Source rdacarrier
Carrier type term volumen
Carrier type code nc
490 0# - SERIES STATEMENT
Series statement Grandes de la literatura
600 04 - SUBJECT ADDED ENTRY--PERSONAL NAME
Personal name Hamlet (Personaje legendario)
General subdivision Drama
650 #7 - SUBJECT ADDED ENTRY--TOPICAL TERM
Source of heading or term armarc
Topical term or geographic name entry element Reyes y soberanos
General subdivision Sucesión
-- Drama
650 #7 - SUBJECT ADDED ENTRY--TOPICAL TERM
Source of heading or term armarc
Topical term or geographic name entry element Familias de vistimas de asesinato
General subdivision Drama
650 #7 - SUBJECT ADDED ENTRY--TOPICAL TERM
Source of heading or term armarc
Topical term or geographic name entry element Padres
General subdivision Muerte
-- Drama
650 #7 - SUBJECT ADDED ENTRY--TOPICAL TERM
Source of heading or term armarc
Topical term or geographic name entry element Venganza
General subdivision Drama
650 #7 - SUBJECT ADDED ENTRY--TOPICAL TERM
Source of heading or term armarc
Topical term or geographic name entry element Princesas
Geographic subdivision Dinamarca
General subdivision Drama
651 #4 - SUBJECT ADDED ENTRY--GEOGRAPHIC NAME
Geographic name Dinamarca
General subdivision Drama
700 1# - ADDED ENTRY--PERSONAL NAME
Personal name Gaspar Mosqueda, Sergio,
Relator term traductor
942 ## - ADDED ENTRY ELEMENTS (KOHA)
Source of classification or shelving scheme Dewey Decimal Classification
Koha item type Libro
Classification part 822.33
Item part S52
Existencias
Withdrawn status Lost status Source of classification or shelving scheme Damaged status Not for loan Collection code Home library Current library Shelving location Date acquired Total Checkouts Full call number Barcode Date last seen Price effective from Koha item type
    Dewey Decimal Classification     General Angelópolis Angelópolis Sala general 17/06/2025   822.33 S52 2018 965000000335 17/06/2025 17/06/2025 Libro